Music Quiz

Random Music Quiz

Robert Smith Sings Quiz Stats

 Plays Quiz not verified by Sporcle

Challenge
Share
Tweet
Score 0/10 Timer 10:00
0 Plays Today
% Correct
Friday I'm In Love
91.6%
Lovesong
85.5%
Just Like Heaven
81.9%
The Lovecats
80.7%
Close To Me
79.5%
Let's Go To Bed
78.3%
Inbetween Days
75.9%
Why Can't I Be You?
73.5%
Fascination Street
71.1%
Hot Hot Hot!!!
60.2%

You're not logged in!

Compare scores with friends on all Sporcle quizzes.
Join for Free
OR
Log In

You Might Also Like...

Show Comments

Extras

Top Quizzes Today


Score Distribution

Your Account Isn't Verified!

In order to create a playlist on Sporcle, you need to verify the email address you used during registration. Go to your Sporcle Settings to finish the process.

Report this User

Report this user for behavior that violates our Community Guidelines.

Details: